| 000 | 00778nam a2200217 i 4500 | ||
|---|---|---|---|
| 001 | 169974 | ||
| 003 | ES-MaACL | ||
| 005 | 20230906214245.0 | ||
| 008 | 090102s1997 fr aeo |||| | fre d | ||
| 020 | _a2-7118-3562-6 | ||
| 080 | _a78(44) | ||
| 245 | 0 | 0 |
_aMusiciens des rues de Paris _b: [exposition au] Musée National des Arts et Traditions Populaires, 18 novembre 1997-27 avril 1998. |
| 260 |
_aParis : _bATP : _bRéunion des Musées Nationaux, _c1997. |
||
| 300 |
_a141 p. : _bil. col. y n., fot., planos ; _c27 cm. |
||
| 500 | _aÍndice. | ||
| 504 | _aBibliografía. | ||
| 650 | 4 |
_aMúsica- _zFrancia. _915390 |
|
| 651 | 4 |
_aParís- _xDescripción. _99207 |
|
| 651 | 4 |
_aParis- _xCalles. _9137295 |
|
| 852 |
_aES-MaACL _jE-12372 _z.- Biblioteca Jacinto Martínez Lacalle |
||
| 999 |
_c169974 _d169974 |
||